Modern introduction to surface plasmons : (Record no. 17096)
[ view plain ]
| 000 -LEADER | |
|---|---|
| fixed length control field | 02999cam a2200349 i 4500 |
| 001 - CONTROL NUMBER | |
| control field | 16040651 |
| 003 - CONTROL NUMBER IDENTIFIER | |
| control field | EG-ScBUE |
| 005 - DATE AND TIME OF LATEST TRANSACTION | |
| control field | 20250528093308.0 |
| 008 - FIXED-LENGTH DATA ELEMENTS--GENERAL INFORMATION | |
| fixed length control field | 100105s2010 enka f b 001 0 eng d |
| 020 ## - INTERNATIONAL STANDARD BOOK NUMBER | |
| International Standard Book Number | 0521767172 (hardback) |
| 020 ## - INTERNATIONAL STANDARD BOOK NUMBER | |
| International Standard Book Number | 9780521767170 (hardback) |
| 040 ## - CATALOGING SOURCE | |
| Original cataloging agency | EG-ScBUE |
| Language of cataloging | eng |
| Description conventions | rda |
| Transcribing agency | EG-ScBUE |
| Modifying agency | EG-ScBUE |
| 082 04 - DEWEY DECIMAL CLASSIFICATION NUMBER | |
| Classification number | 530.44 |
| Edition number | 22 |
| Item number | SAR |
| 100 1# - MAIN ENTRY--PERSONAL NAME | |
| Personal name | Sarid, Dror, |
| 9 (RLIN) | 31407 |
| Relator term | author. |
| 245 10 - TITLE STATEMENT | |
| Title | Modern introduction to surface plasmons : |
| Remainder of title | theory, mathematica modeling, and applications / |
| Statement of responsibility, etc | Dror Sarid, University of Arizona and William A. Challener, Seagate Technology. |
| 264 #1 - PUBLICATION, DISTRIBUTION, ETC. (IMPRINT) | |
| Place of publication, distribution, etc | Cambridge : |
| Name of publisher, distributor, etc | Cambridge University Press, |
| Date of publication, distribution, etc | 2010. |
| 300 ## - PHYSICAL DESCRIPTION | |
| Extent | xiv, 371 pages ; |
| Other physical details | illustrations ; |
| Dimensions | 26 cm |
| 336 ## - CONTENT TYPE | |
| Source | rdacontent |
| Content type term | text |
| Content type code | txt |
| 337 ## - MEDIA TYPE | |
| Media type term | unmediated |
| Source | rdamedia |
| Media type code | n |
| 338 ## - CARRIER TYPE | |
| Carrier type term | volume |
| Carrier type code | nc |
| Source | rdacarrier |
| 504 ## - BIBLIOGRAPHY, ETC. NOTE | |
| Bibliography, etc | Includes bibliographical references and index. |
| 505 8# - FORMATTED CONTENTS NOTE | |
| Formatted contents note | Machine generated contents note: 1. Introduction; 2. Electromagnetics of planar surface waves; 3. Single-interface modes in the microwave regime; 4. Single-interface lossless modes in [epsilon]r'-[mu]r' parameter space; 5. Double-interface lossless modes in [epsilon]r'-[mu]r' parameter space; 6. Single-interface surface plasmons; 7. Double-interface surface plasmons in symmetric guides; 8. Quasi one-dimensional surface plasmons; 9. Localized surface plasmons; 10. Techniques for exciting surface plasmons; 11. Plasmonic materials; 12. Applications; Appendixes; Index. |
| 520 ## - SUMMARY, ETC. | |
| Summary, etc | "Introducing graduate students in physics, optics, materials science and electrical engineering to surface plasmons, this book also covers guided modes at planar interfaces of metamaterials with negative refractive index. The physics of localized and propagating surface plasmons, on planar films, gratings, nanowires and nanoparticles, is developed using both analytical and numerical techniques. Guided modes at the interfaces between materials with any combination of positive or negative permittivity and permeability are analyzed in a systematic manner. Applications of surface plasmon physics are described, including near-field transducers in heat-assisted magnetic recording and biosensors. Resources at www.cambridge.org/9780521767170 include Mathematica code to generate figures from the book, color versions of many figures, and extended discussion of topics such as vector diffraction theory"--Provided by publisher. |
| 520 ## - SUMMARY, ETC. | |
| Summary, etc | "In 1952 Pines and Bohm discussed a quantized bulk plasma oscillation of electronsin a metallic solid to explain the energy losses of fast electrons passing throughmetal foils [1]. They called this excitation a "plasmon"--Provided by publisher. |
| 650 #7 - SUBJECT ADDED ENTRY--TOPICAL TERM | |
| Topical term or geographic name as entry element | Plasmons (Physics) |
| 9 (RLIN) | 31408 |
| Source of heading or term | BUEsh |
| 650 #7 - SUBJECT ADDED ENTRY--TOPICAL TERM | |
| Topical term or geographic name as entry element | Plasma oscillations. |
| 9 (RLIN) | 31409 |
| Source of heading or term | BUEsh |
| 650 #7 - SUBJECT ADDED ENTRY--TOPICAL TERM | |
| Topical term or geographic name as entry element | Surfaces (Physics) |
| 9 (RLIN) | 5745 |
| Source of heading or term | BUEsh |
| 650 #7 - SUBJECT ADDED ENTRY--TOPICAL TERM | |
| Topical term or geographic name as entry element | Surfaces (Technology) |
| General subdivision | Analysis. |
| 9 (RLIN) | 13537 |
| Source of heading or term | BUEsh |
| 655 ## - INDEX TERM--GENRE/FORM | |
| Form subdivision | Reading book |
| 700 1# - ADDED ENTRY--PERSONAL NAME | |
| Personal name | Challener, William Albert, |
| 9 (RLIN) | 31410 |
| Relator term | author. |
| 942 ## - ADDED ENTRY ELEMENTS (KOHA) | |
| Source of classification or shelving scheme | Dewey Decimal Classification |
| Koha item type | Book - Borrowing |
| Withdrawn status | Lost status | Source of classification or shelving scheme | Damaged status | Not for loan | Collection code | Home library | Current library | Shelving location | Date acquired | Source of acquisition | Cost, normal purchase price | Serial Enumeration / chronology | Total Checkouts | Total Renewals | Full call number | Barcode | Date last seen | Date checked out | Price effective from | Koha item type |
|---|---|---|---|---|---|---|---|---|---|---|---|---|---|---|---|---|---|---|---|---|
| Dewey Decimal Classification | Baccah | Central Library | Central Library | First floor | 22/11/2012 | 503.00 | 16429 | 1 | 14 | 530.44 SAR | 000027822 | 15/07/2025 | 22/11/2012 | 22/11/2012 | Book - Borrowing |